Big Smoke's order - Statistics

General Stats
  • This quiz has been taken 10 times
  • The average score is 5 of 6
Answer Stats
Hint Answer % Correct
Large soda
100%
Number 7
100%
2 Number 9
100%
Number 6 with extra dip
75%
Number 9 large
75%
2 Number 45, one with cheese
25%
No matching quizzes found
Score Distribution
Percent of People with Each Score
Percentile by Number Answered
Your Score History
You have not taken this quiz